000 01284nas a2200397 4500
001 BR0804485
003 BR-BrBNA
005 20231205112347.0
007 ta
008 230509b bl.|||p| |||| 00| 00por d
040 _aBR-BrBNA
_bpor
_cBiblioteca Nacional de Agricultura
041 _a(Pt)
072 _aL01
100 1 _aTinôco, I. de F.F.
100 1 _aSouza, C. de F.
100 1 _aOliveira, P.A.V. de
100 1 _aPaulo, R.M. de
100 1 _aCampos, J.A.
100 1 _aCarvalho, C. da C.S.
100 1 _aCordeiro, M.B.
245 1 _aAvaliação do índice de temperatura de globo negro e umidade e desempenho de suínos nas fases de crescimento e terminação criados em sistemas em camas sobrepostas em condições de verão
650 _aSUÍNOS
650 _aCRIAÇÃO
650 _aCONTROLE TÉRMICO
650 _aCONDIÇÃO AMBIENTAL
650 _aTEMPERATURA
650 _aPERFORMANCE
650 _aTERMINAÇÃO
650 _aPRODUÇÃO ANIMAL
650 _aGANHO DE PESO
650 _aCONVERSÃO ALIMENTAR
650 _aBEM-ESTAR
773 0 _tRevista Brasileira de Zootecnia (Brazil)
_xISSN 1516-3598
_g(Sep-Oct 2007), v. 36(5)suplemento p. 1662-1629
_wBR0804485
909 _a202311
_bLúcia
_c55
_dLúcia Elande
942 _2AGRIS
_n0
_cANA
999 _c197632
_d197632